00475nam a2200193Ia 45000030006000000050017000060080041000230200018000640400009000820410012000910820020001031000019001232450043001422500008001852600038001933000008002315050021002396500021002600Nust20170105110252.0161124s9999 xx 000 0 und d a81-239-1492-x cIGIS aEnglish a944.081319bDAY aDayal Raghubir 2aA Text book of Modern European History a2nd aNew delhibCBS Publicationsc2007 a599 aEuropean History aEuropean History